<?xml version="1.0" encoding="UTF-8"?>
<record
    xmlns:xsi="http://www.w3.org/2001/XMLSchema-instance"
    xsi:schemaLocation="http://www.loc.gov/MARC21/slim http://www.loc.gov/standards/marcxml/schema/MARC21slim.xsd"
    xmlns="http://www.loc.gov/MARC21/slim">

  <leader>00546nam a22001577a 4500</leader>
  <controlfield tag="003">OSt</controlfield>
  <controlfield tag="005">20150908131737.0</controlfield>
  <controlfield tag="008">150908b        xxu||||| |||| 00| 0 eng d</controlfield>
  <datafield tag="040" ind1=" " ind2=" ">
    <subfield code="c">RUA</subfield>
  </datafield>
  <datafield tag="082" ind1=" " ind2=" ">
    <subfield code="a">AGR &#x179F;&#x1799; 1992 B005 Or.1</subfield>
  </datafield>
  <datafield tag="100" ind1=" " ind2=" ">
    <subfield code="9">149</subfield>
    <subfield code="a">&#x179F;&#x1799; &#x1794;&#x1789;&#x17D2;&#x1789;&#x17B6;</subfield>
  </datafield>
  <datafield tag="245" ind1=" " ind2=" ">
    <subfield code="a">&#x17A5;&#x1791;&#x17D2;&#x1792;&#x17B7;&#x1796;&#x179B;&#x1793;&#x17C3;&#x178A;&#x17C6;&#x178E;&#x17B6;&#x17C6;&#x1787;&#x17B8;&#x179F;&#x17D2;&#x179A;&#x179F;&#x17CB;&#x1791;&#x17C5;&#x179B;&#x17BE;&#x179F;&#x17D2;&#x179A;&#x17BC;&#x179C;&#x178A;&#x17B8;&#x17A2;&#x17B6;&#x179F;&#x17CA;&#x17B8;&#x178F;&#x1780;&#x17D2;&#x1793;&#x17BB;&#x1784;&#x179B;&#x1780;&#x17D2;&#x1781;&#x1781;&#x17D0;&#x178E;&#x17D2;&#x178C;&#x1780;&#x1798;&#x17D2;&#x1796;&#x17BB;&#x1787;&#x17B6;</subfield>
  </datafield>
  <datafield tag="260" ind1=" " ind2=" ">
    <subfield code="a">Phnom Penh</subfield>
    <subfield code="b">RUA</subfield>
    <subfield code="c">1992</subfield>
  </datafield>
  <datafield tag="300" ind1=" " ind2=" ">
    <subfield code="a">88p.</subfield>
    <subfield code="b">ill.</subfield>
    <subfield code="c">29cm.</subfield>
  </datafield>
  <datafield tag="942" ind1=" " ind2=" ">
    <subfield code="2">ddc</subfield>
    <subfield code="c">AGR</subfield>
  </datafield>
  <datafield tag="999" ind1=" " ind2=" ">
    <subfield code="c">130</subfield>
    <subfield code="d">130</subfield>
  </datafield>
  <datafield tag="952" ind1=" " ind2=" ">
    <subfield code="0">0</subfield>
    <subfield code="1">0</subfield>
    <subfield code="2">ddc</subfield>
    <subfield code="4">0</subfield>
    <subfield code="6">AGR_&#x179F;&#x1799;_1992_000000000000000_B005_OR_1</subfield>
    <subfield code="7">0</subfield>
    <subfield code="9">404</subfield>
    <subfield code="a">LBB</subfield>
    <subfield code="b">LBB</subfield>
    <subfield code="c">B005</subfield>
    <subfield code="d">2015-09-08</subfield>
    <subfield code="o">AGR &#x179F;&#x1799; 1992 B005 Or.1</subfield>
    <subfield code="p">RUA004179</subfield>
    <subfield code="r">2015-09-08</subfield>
    <subfield code="w">2015-09-08</subfield>
    <subfield code="y">AGR</subfield>
  </datafield>
  <datafield tag="952" ind1=" " ind2=" ">
    <subfield code="0">0</subfield>
    <subfield code="1">0</subfield>
    <subfield code="2">ddc</subfield>
    <subfield code="4">0</subfield>
    <subfield code="6">AGR_&#x179F;&#x1799;_1992_000000000000000_B005_OR_2</subfield>
    <subfield code="7">0</subfield>
    <subfield code="9">405</subfield>
    <subfield code="a">LBB</subfield>
    <subfield code="b">LBB</subfield>
    <subfield code="c">B005</subfield>
    <subfield code="d">2015-09-08</subfield>
    <subfield code="o">AGR &#x179F;&#x1799; 1992 B005 Or.2</subfield>
    <subfield code="p">RUA004322</subfield>
    <subfield code="r">2015-09-08</subfield>
    <subfield code="w">2015-09-08</subfield>
    <subfield code="y">AGR</subfield>
  </datafield>
  <datafield tag="952" ind1=" " ind2=" ">
    <subfield code="0">0</subfield>
    <subfield code="1">0</subfield>
    <subfield code="2">ddc</subfield>
    <subfield code="4">0</subfield>
    <subfield code="6">AGR_&#x179F;&#x1799;_1992_000000000000000_B005_OR_3</subfield>
    <subfield code="7">0</subfield>
    <subfield code="9">406</subfield>
    <subfield code="a">LBB</subfield>
    <subfield code="b">LBB</subfield>
    <subfield code="c">B005</subfield>
    <subfield code="d">2015-09-08</subfield>
    <subfield code="l">1</subfield>
    <subfield code="o">AGR &#x179F;&#x1799; 1992 B005 Or.3</subfield>
    <subfield code="p">RUA004035</subfield>
    <subfield code="r">2016-11-08</subfield>
    <subfield code="s">2016-10-28</subfield>
    <subfield code="w">2015-09-08</subfield>
    <subfield code="y">AGR</subfield>
  </datafield>
  <datafield tag="952" ind1=" " ind2=" ">
    <subfield code="0">0</subfield>
    <subfield code="1">0</subfield>
    <subfield code="2">ddc</subfield>
    <subfield code="4">0</subfield>
    <subfield code="6">AGR_&#x179F;&#x1799;_1992_000000000000000_B005_OR_4</subfield>
    <subfield code="7">0</subfield>
    <subfield code="9">407</subfield>
    <subfield code="a">LBB</subfield>
    <subfield code="b">LBB</subfield>
    <subfield code="c">B005</subfield>
    <subfield code="d">2015-09-08</subfield>
    <subfield code="o">AGR &#x179F;&#x1799; 1992 B005 Or.4</subfield>
    <subfield code="p">RUA004394</subfield>
    <subfield code="r">2015-09-08</subfield>
    <subfield code="w">2015-09-08</subfield>
    <subfield code="y">AGR</subfield>
  </datafield>
  <datafield tag="952" ind1=" " ind2=" ">
    <subfield code="0">0</subfield>
    <subfield code="1">0</subfield>
    <subfield code="2">ddc</subfield>
    <subfield code="4">0</subfield>
    <subfield code="6">AGR_&#x179F;&#x1799;_1992_000000000000000_B005_OR_5</subfield>
    <subfield code="7">0</subfield>
    <subfield code="9">408</subfield>
    <subfield code="a">LBB</subfield>
    <subfield code="b">LBB</subfield>
    <subfield code="c">B005</subfield>
    <subfield code="d">2015-09-08</subfield>
    <subfield code="o">AGR &#x179F;&#x1799; 1992 B005 Or.5</subfield>
    <subfield code="p">RUA004466</subfield>
    <subfield code="r">2015-09-08</subfield>
    <subfield code="w">2015-09-08</subfield>
    <subfield code="y">AGR</subfield>
  </datafield>
  <datafield tag="952" ind1=" " ind2=" ">
    <subfield code="0">0</subfield>
    <subfield code="1">0</subfield>
    <subfield code="2">ddc</subfield>
    <subfield code="4">0</subfield>
    <subfield code="6">AGR_&#x179F;&#x1799;_1992_000000000000000_B005_OR_6</subfield>
    <subfield code="7">0</subfield>
    <subfield code="9">409</subfield>
    <subfield code="a">LBB</subfield>
    <subfield code="b">LBB</subfield>
    <subfield code="c">B005</subfield>
    <subfield code="d">2015-09-08</subfield>
    <subfield code="o">AGR &#x179F;&#x1799; 1992 B005 Or.6</subfield>
    <subfield code="p">RUA004185</subfield>
    <subfield code="r">2015-09-08</subfield>
    <subfield code="w">2015-09-08</subfield>
    <subfield code="y">AGR</subfield>
  </datafield>
  <datafield tag="952" ind1=" " ind2=" ">
    <subfield code="0">0</subfield>
    <subfield code="1">0</subfield>
    <subfield code="2">ddc</subfield>
    <subfield code="4">0</subfield>
    <subfield code="6">AGR_&#x179F;&#x1799;_1992_000000000000000_B005_OR_7</subfield>
    <subfield code="7">0</subfield>
    <subfield code="9">410</subfield>
    <subfield code="a">LBB</subfield>
    <subfield code="b">LBB</subfield>
    <subfield code="c">B005</subfield>
    <subfield code="d">2015-09-08</subfield>
    <subfield code="o">AGR &#x179F;&#x1799; 1992 B005 Or.7</subfield>
    <subfield code="p">RUA004473</subfield>
    <subfield code="r">2015-09-08</subfield>
    <subfield code="w">2015-09-08</subfield>
    <subfield code="y">AGR</subfield>
  </datafield>
  <datafield tag="952" ind1=" " ind2=" ">
    <subfield code="0">0</subfield>
    <subfield code="1">0</subfield>
    <subfield code="2">ddc</subfield>
    <subfield code="4">0</subfield>
    <subfield code="6">AGR_&#x179F;&#x1799;_1992_000000000000000_B005_OR_8</subfield>
    <subfield code="7">0</subfield>
    <subfield code="9">411</subfield>
    <subfield code="a">LBB</subfield>
    <subfield code="b">LBB</subfield>
    <subfield code="c">B005</subfield>
    <subfield code="d">2015-09-08</subfield>
    <subfield code="l">1</subfield>
    <subfield code="o">AGR &#x179F;&#x1799; 1992 B005 Or.8</subfield>
    <subfield code="p">RUA004250</subfield>
    <subfield code="r">2021-02-01</subfield>
    <subfield code="s">2021-01-20</subfield>
    <subfield code="w">2015-09-08</subfield>
    <subfield code="y">AGR</subfield>
  </datafield>
  <datafield tag="952" ind1=" " ind2=" ">
    <subfield code="0">0</subfield>
    <subfield code="1">0</subfield>
    <subfield code="2">ddc</subfield>
    <subfield code="4">0</subfield>
    <subfield code="6">AGR_&#x179F;&#x1799;_1992_000000000000000_B005_OR_9</subfield>
    <subfield code="7">0</subfield>
    <subfield code="9">412</subfield>
    <subfield code="a">LBB</subfield>
    <subfield code="b">LBB</subfield>
    <subfield code="c">B005</subfield>
    <subfield code="d">2015-09-08</subfield>
    <subfield code="o">AGR &#x179F;&#x1799; 1992 B005 Or.9</subfield>
    <subfield code="p">RUA004319</subfield>
    <subfield code="r">2015-09-08</subfield>
    <subfield code="w">2015-09-08</subfield>
    <subfield code="y">AGR</subfield>
  </datafield>
</record>
